| 000 | 00733nam a2200205 i 4500 | ||
|---|---|---|---|
| 001 | 108390 | ||
| 003 | ES-MaACL | ||
| 005 | 20250407063109.0 | ||
| 007 | t| | ||
| 008 | 061121s1949 sp r ||||1| spa d | ||
| 100 | 1 |
_aMontero Díaz, Santiago, _d1911-1985 _982517 |
|
| 245 | 1 | 4 |
_aLas ideas político-sociales de Guillermo de Ockam (1300-1349) / _cpor D. Santiago Montero Díaz. |
| 260 |
_aMadrid : _b[Escuela Social de Madrid], _c1949 ( _fGráf. Barragán) |
||
| 300 |
_a30 p. ; _c24 cm. |
||
| 594 | _aPrecede al tít.: Ministerio de Trabajo. Escuela Social de Madrid. | ||
| 600 | 0 | 4 |
_aWilliam of Ockham. _9116904 |
| 710 | 2 |
_aEscuela Social de Madrid. _93593 |
|
| 852 |
_aES-MaACL _j1886-F-10 |
||
| 999 |
_c108390 _d108390 |
||